X aniversario, Fundación San Millán de la Cogolla, 1998-2008 : (Record n. 13525)
[ formato base ]
| 000 -LEADER | |
|---|---|
| fixed length control field | 00677nam a2200169 i 4500 |
| 003 - CONTROL NUMBER IDENTIFIER | |
| control field | IT-RoINE |
| 005 - DATE AND TIME OF LATEST TRANSACTION | |
| control field | 20161104102830.0 |
| 008 - FIXED-LENGTH DATA ELEMENTS--GENERAL INFORMATION | |
| fixed length control field | 090227s2008 sp a |r|||| ||0|||spa|d |
| 020 ## - INTERNATIONAL STANDARD BOOK NUMBER | |
| International Standard Book Number | 9788493629793 |
| 040 ## - CATALOGING SOURCE | |
| Original cataloging agency | SpMaBN |
| Transcribing agency | SpMaBN IT-RoINE |
| Modifying agency | IT-RoINE |
| 110 1# - MAIN ENTRY--CORPORATE NAME | |
| Corporate name or jurisdiction name as entry element | Fundación San Millán de la Cogolla (España) |
| 9 (RLIN) | 3585 |
| 245 10 - TITLE STATEMENT | |
| Title | X aniversario, Fundación San Millán de la Cogolla, 1998-2008 : |
| Remainder of title | memoria / |
| Statement of responsibility, etc | edición a cargo de Fundación San Millán de la Cogolla. |
| 260 ## - PUBLICATION, DISTRIBUTION, ETC. (IMPRINT) | |
| Place of publication, distribution, etc | Logroño : |
| Name of publisher, distributor, etc | Fundación San Millán de la Cogolla, |
| Date of publication, distribution, etc | 2008. |
| 300 ## - PHYSICAL DESCRIPTION | |
| Extent | 175 p. : |
| Other physical details | il. col. ; |
| Dimensions | 31 cm. |
| 610 24 - SUBJECT ADDED ENTRY--CORPORATE NAME | |
| Corporate name or jurisdiction name as entry element | Fundación San Millán de la Cogolla (España) |
| General subdivision | Historia |
| 9 (RLIN) | 27414 |
| 942 ## - ADDED ENTRY ELEMENTS (KOHA) | |
| Item type | Monografías |
| Withdrawn status | Lost status | Damaged status | Not for loan | Home library | Current library | Date acquired | Total Checkouts | Full call number | Barcode | Date last seen | Price effective from | Koha item type | Public note |
|---|---|---|---|---|---|---|---|---|---|---|---|---|---|
| Iglesia Nacional Española en Roma | Iglesia Nacional Española en Roma | 04/11/2016 | HIS.ECL.ESP 536 | 29982 | 04/11/2016 | 04/11/2016 | Monografías | Vol. guardado en estuche ; en la antep.: dedica autógr. del ex-prior del Monasterio de San Millán de la Cogolla |